| 000 | 00374nam a2200145Ia 4500 | ||
|---|---|---|---|
| 008 | 151213s9999 xx 000 0 und d | ||
| 100 | _aGeoffrey Dvrrant | ||
| 245 |
_aWilliam Wards Warth _cGeoffrey Dvrrant |
||
| 260 |
_aNew york _bColumbia University _c1979 |
||
| 300 | _a2140 p. | ||
| 650 | _aEnglish | ||
| 650 | _aEnglish | ||
| 700 | _aGeoffrey Dvrrant | ||
| 999 |
_c1574 _d1574 |
||